Cultura y violencia /
Salvato in:
| Autore principale: | |
|---|---|
| Natura: | testo |
| Lingua: | Spanish |
| Soggetti: | |
| Tags: |
Aggiungi Tag
Nessun Tag, puoi essere il primo ad aggiungerne!!
|
MARC
| LEADER | 00000 a a2200000 04500 | ||
|---|---|---|---|
| 001 | 227 | ||
| 003 | cru CIDCACS/IIS | ||
| 005 | 20190917111623.0 | ||
| 008 | 190917b ||||| |||| 00| 0 spa d | ||
| 999 | |c 42350 |d 42350 | ||
| 040 | |c cru CIDCACS/IIS | ||
| 100 | |a Fournier Facio, Marco Vinicio | ||
| 245 | 1 | |a Cultura y violencia / |c Marco Vinicio Fournier Facio | |
| 300 | |a páginas 89-95 | ||
| 650 | |a CULTURA | ||
| 650 | 0 | |a CAMBIO CULTURAL |9 5167 | |
| 650 | |a VIOLENCIA | ||
| 650 | 4 | |a MERCADO |9 3250 | |
| 773 | 0 | |0 42346 |9 3358 |d San José, Costa Rica: CCSS. DTSS. DMP. Programa Atención Integral de la Adolescencia, 1999- |o 07056 |t Adolescencia y Salud/ | |
| 942 | |2 ddc |c PP | ||
